Aterrados = Terrified /

Uloženo v:
Podrobná bibliografie
Hlavní autor: Rugna, Demián (realización)
Další autoři: Rugna, Demián (guión) (guión), Suárez, Mariano (fotógrafo) (fotógrafo), Varela Laciar, Gabriela (vestuario) (vestuario), Veloz, Pheonia (vestuario) (vestuario), Cornistein, Lionel (montaje) (montaje), Rugna, Demián (música) (música), Guione, Maximiliano (actuación) (actuación), Gonzalo, Norberto (actuación) (actuación), Onetto, Elvira (actuación) (actuación)
Médium: Video
Jazyk:španělština
Témata:
Tagy: Přidat tag
Žádné tagy, Buďte první, kdo vytvoří štítek k tomuto záznamu!

MARC

LEADER 00000ngm^a2200000^a^4500
001 000616950
005 20250627000000.0
009 20260310133731.717
037 |a Acervo ITESO - Biblioteca 
041 |a ESP 
082 |a Ar 860.  |b RUG 
100 |a Rugna, Demián  |e (realización) 
245 1 0 |a Aterrados =  |b Terrified /  |c Realización de D. Rugna. 
264 2 |a Chatsworth, EUA :  |b RLJE Films [distribución],  |c 2020, c2020 
300 |a 1 blu-ray región A (88 min.) :  |b color 
336 |a imagen móvil bidimensional  |b tdi  |2 rdacontenido 
337 |a video  |b v  |2 rdamedio 
338 |a videodisco  |b vd  |2 rdasoporte 
649 |a XX 
650 |a Fantasmas en el Cine 
650 |a Películas de Suspenso y Terror 
650 |a Cine Fantástico 
650 |a Cine Argentino -  |y 2010-2019 
650 |a Cine Argentino -  |y Siglo XXI 
650 |a Fenómenos Parafísicos 
650 |a Lo Sobrenatural 
700 |a Rugna, Demián  |e (guión) 
700 |a Suárez, Mariano  |e (fotógrafo) 
700 |a Varela Laciar, Gabriela  |e (vestuario) 
700 |a Veloz, Pheonia  |e (vestuario) 
700 |a Cornistein, Lionel  |e (montaje) 
700 |a Rugna, Demián  |e (música) 
700 |a Guione, Maximiliano  |e (actuación) 
700 |a Gonzalo, Norberto  |e (actuación) 
700 |a Onetto, Elvira  |e (actuación) 
910 |a Fondo General 
920 |a Audiovisuales - Blu-rays 
940 |a Películas 
905 |a 303 
901 |a 616950-10  |b IT2  |c BRS  |i C190047  |u 20250627 
902 |a https://opac.biblio.iteso.mx/vufind/Record/000616950